Central Library OPAC University of Rajshahi

Rendiconti della Scuola internazionale di fisica "Enrico Fermi" / (Record no. 14602)

MARC details
000 -LEADER
fixed length control field 01349cam a2200313 a 4500
001 - CONTROL NUMBER
control field 14602
003 - CONTROL NUMBER IDENTIFIER
rucl marc code BD-RjUL
005 - DATE AND TIME OF LATEST TRANSACTION
control field 20211208235646.0
008 - FIXED-LENGTH DATA ELEMENTS--GENERAL INFORMATION
fixed length control field 140106s1964 nyu x m 1 b0ita c
035 ## - SYSTEM CONTROL NUMBER
System control number (BD-RjUL)14655
-- (OCoLC)ocm01469586
040 ## - CATALOGING SOURCE
Original cataloging agency FGULS
Language of cataloging eng
Transcribing agency FGULS
Modifying agency BD-RjUL
041 ## - LANGUAGE CODE
Language code of text/sound track or separate title eng
082 00 - DEWEY DECIMAL CLASSIFICATION NUMBER
Classification number 530
Author mark and year REN 1964
245 00 - TITLE STATEMENT
Title Rendiconti della Scuola internazionale di fisica "Enrico Fermi" /
Statement of responsibility, etc. Società italiana di fisica.
260 ## - PUBLICATION, DISTRIBUTION, ETC. (IMPRINT)
Place of publication, distribution, etc. New York :
Name of publisher, distributor, etc. Academic Press,
Date of publication, distribution, etc. c1964.
300 ## - PHYSICAL DESCRIPTION
Pagination viii, 308 p. :
Illustrations ill. ;
Size 25 cm.
500 ## - GENERAL NOTE
General note At head of title: Società italiana di fisica.
650 #0 - SUBJECT ADDED ENTRY--TOPICAL TERM
Topical term or geographic name as entry element Physics
Form subdivision Congresses.
9 (RLIN) 45518
Topical term or geographic name as entry element Physique
Form subdivision Collections.
9 (RLIN) 45519
710 2# - ADDED ENTRY--CORPORATE NAME
Corporate name or jurisdiction name as entry element Società italiana di fisica.
9 (RLIN) 45520
776 08 - ADDITIONAL PHYSICAL FORM ENTRY
Relationship information Online version:
Main entry heading International School of Physics "Enrico Fermi."
Title Rendiconti della Scuola internazionale di fisica "Enrico Fermi."
Record control number (OCoLC)605975492
785 00 - SUCCEEDING ENTRY
Main entry heading International School of Physics "Enrico Fermi."
Title Proceedings of the International School of Physics "Enrico Fermi"
International Standard Serial Number 0074-784X
Record control number (DLC)sf 93032032
-- (OCoLC)1587090
787 1# - OTHER RELATIONSHIP ENTRY
Title Supplemento al volume ... serie ... del Nuovo cimento
Record control number (OCoLC)9688586
942 ## - ADDED ENTRY ELEMENTS (KOHA)
Source of classification or shelving scheme Dewey Decimal Classification
Koha item type Books
Holdings
Lost status Source of classification or shelving scheme Damaged status Not for loan Collection code Permanent Location Current Location Shelving location Date acquired Source of acquisition Total Checkouts Full call number Date last seen Copy number Koha item type
  Dewey Decimal Classification     Non-fiction Central Library, University of Rajshahi Central Library, University of Rajshahi   26/11/1968 Zeitlinger   530 REN 1964 06/02/2014 C-3 Books